000 01113nam a2200325Ia 4500
003 OSt
005 20220912144712.0
006 a|||||r|||| 00| 0
007 ta
008 220909b |||||||| |||| 00| 0 eng d
020 _a9783319078922 (hbk)
020 _aSL01599922
024 _a195121
037 _b638, 04/12/2015, Indica Publishers & Distributors Pvt. Ltd.
037 _cTextual
040 _aCSL
_beng
_cCSL
041 _aeng
082 _aCN1, Q5 TC
100 _aPena Luis de la; Cetto Ana Maria; Valdes-Hernandez Andrea
245 0 _aEmerging quantum: the physics behind quantum mechanics
260 _aSwitzerland
_bSpringer
_c2015
300 _axiii, 366p. ill.
500 _aIndex 355-366p.
650 _a Momentum correlations
650 _a Quantum potential
650 _aZero point field waves
700 _aPena Luis de la; Cetto Ana Maria; Valdes-Hernandez Andrea
942 _hCN1, Q5 TC
_cTEXL
_2CC
999 _c16240
_d16240